Word Chain Game (EASY) - Statistics

General Stats
  • This quiz has been taken 974 times
    948 since last reset
  • The average score is 10 of 12
Answer Stats
Hint Answer % Correct
Classified as a "dwarf planet" in 2006 Pluto
98%
Words in a song Lyric
94%
To arrive before the scheduled time Early
92%
Used to make bread rise Yeast
92%
Used to clean and sweep Broom
90%
Playful animal; like a beaver Otter
83%
The smallest state in the U.S Rhode
83%
A form of transport or to get better Train
81%
To go upwards Climb
79%
Country without rectangular flag Nepal
76%
Could turn anything he touched into gold Midas
70%
The opposite of dull Sharp
45%
No matching quizzes found
Score Distribution
Percent of People with Each Score
Percentile by Number Answered
Your Score History
You have not taken this quiz since the last reset